| 000 | 00345nam a2200145 a 4500 | ||
|---|---|---|---|
| 001 | 460 | ||
| 003 | CDMR | ||
| 005 | 20130116135154.0 | ||
| 008 | 130130s1997||||||||||||||||||||||||||||d | ||
| 040 |
_aCDMR _bcat _cCDMR |
||
| 100 | 1 |
_aBelinchón, Sergio _9329 |
|
| 245 | 1 | 0 |
_aCirco _cBELINCHÓN, Sergio |
| 260 |
_aBarcelona _c1997 _bFocal, A.C. |
||
| 942 | _cMON | ||
| 999 |
_c460 _d460 |
||